01086cam a22002533u 450000500170000000800410001702000180005808200190007610000250009524500680012026001220018830000400031050000240035050000220037450400310039665000560042765000210048365300210050465500210052594200230054699900170056995201170058695201290070320140105112449.0970213s1996 xxuak frb 001 0 eng d a978012399657204222a665.5bREI1 aReis, John C.93475710aEnvironmental control in petroleum engineering /cJohn C. Reis. aHouston, United States :bGulf Publishing Company,cc.1996.e([Marston Gate, United Kingdom] :fAmazon Co. Uk., Ltd.) ax, 274p. :bforms, tables ;c24 cm. aIndex : p. 271-274. aInclude appendix. aBibliography : p. 268-269. 0aPetroleum engineeringxEnvironmental aspects934758 0aPollution931793 bpetcJanuary2014 vtext book933728 2ddccBBk665.5 REI c17894d17866 00102ddc40708BaccahaMAINbMAINc1STd2014-01-05epurchasel0o665.5 REIp000035280r2025-07-15 00:00:00yNB 00102ddc40708BaccahaMAINbMAINc1STd2014-01-05epurchasel1o665.5 REIp000035281r2025-07-15 00:00:00s2015-06-22yBB